Psychologie mnohostranného vývoje člověka

Saved in:
Bibliographic Details
Main Author: Čáp, Jan
Format: Book
Language:Czech
Published: Praha Stát. ped. nakl. 1990
Edition:1. vyd.
Series:Učebnice pro vysoké školy
Tags: Add Tag
No Tags, Be the first to tag this record!

MARC

LEADER 00000nam a2200000 4500
001 c032280
005 20221215120540.5
041 0 |a cze 
044 |a CZ 
245 1 0 |a Psychologie mnohostranného vývoje člověka  |c Jan Čáp 
250 |a 1. vyd. 
264 1 |a Praha  |b Stát. ped. nakl.  |c 1990 
300 |a 292 s. 
490 1 |a Učebnice pro vysoké školy 
830 0 |a Učebnice pro vysoké školy 
100 1 |a Čáp, Jan